书目信息 |
| 题名: |
现代建筑施工手册
|
|
| 作者: | 瓦茨 , Watts 著 ;廖锦翔 译 | |
| 分册: | ||
| 出版信息: | 北京 机械工业出版社 2003.02 |
|
| 页数: | 305页 | |
| 开本: | 30cm | |
| 丛书名: | ||
| 单 册: | ||
| 中图分类: | TU74-62 | |
| 科图分类: | ||
| 主题词: | 建筑工程--工程施工--手册 , 建筑工程 , 工程施工 | |
| 电子资源: | ||
| ISBN: | 7-111-11639-9 | |
| 000 | 00948nam0 2200289 45 | |
| 001 | 012004000000 | |
| 005 | 20041028151720.94 | |
| 010 | @a7-111-11639-9@b精装@dCNY 158.00 | |
| 100 | @a20040910d2003 em y0chiy0121 ea | |
| 101 | 1 | @achi@ceng |
| 102 | @aCN@b110000 | |
| 105 | @aaf z 000yy | |
| 200 | 1 | @a现代建筑施工手册@Axian dai jian zhu shi gong shou ce@dModern construction handbook@f(美)瓦茨(Andrsw Watts)著@g廖锦翔译@zeng |
| 210 | @a北京@c机械工业出版社@d2003.02 | |
| 215 | @a305页@c图@d30cm | |
| 305 | @a本书中文简体字版由施普林格(维也纳)出版社与机械工业出版社合作出版 | |
| 320 | @a本书含参考文献 | |
| 510 | 1 | @aModern construction handbook@zeng |
| 606 | 0 | @a建筑工程@x工程施工@j手册 |
| 606 | 0 | @a建筑工程 |
| 606 | 0 | @a工程施工 |
| 690 | @aTU74-62@v4 | |
| 701 | 1 | @a瓦茨@Awa ci@bA.@4著 |
| 701 | A1 | @aWatts@bAndrsw@4著 |
| 702 | 0 | @a廖锦翔@Aliao jin xiang@4译 |
| 801 | 0 | @aCN@bQSSKt@c20041028 |
| 905 | @a10447@dTU74-62@eW005 | |
| 现代建筑施工手册=Modern construction handbook/(美)瓦茨(Andrsw Watts)著/廖锦翔译.-北京:机械工业出版社,2003.02 |
| 305页:图;30cm |
| ISBN 7-111-11639-9(精装):CNY 158.00 |
| ● |
| 相关链接 |
|
|
|
正题名:现代建筑施工手册
索取号:TU74-62/W005
 
预约/预借
| 序号 | 登录号 | 条形码 | 馆藏地/架位号 | 状态 | 备注 |
| 1 | 423671 | 204236718 | 建筑库201/201建筑库 108排7列2层/ [索取号:TU74-62/W005] | 在馆 |